[Event "Marianske Lazne op 16th"]
[Site "Marianske Lazne"]
[Date "2017.01.26"]
[Round "7"]
[White "Haftar, Bohdan"]
[Black "Friedel, Roland"]
[Result "0-1"]
[WhiteElo "1253"]
[BlackElo "1681"]
[PlyCount "66"]
[EventDate "2017.01.21"]
[EventType "swiss"]
[EventRounds "9"]
[EventCountry "CZE"]
[SourceTitle "CBM 176 Extra"]
[Source "ChessBase"]
[SourceDate "2017.03.02"]
[SourceVersion "1"]
[SourceVersionDate "2017.03.02"]
[SourceQuality "1"]

1. e4 e6 2. d3 d5 3. exd5 exd5 4. d4 Nf6 5. f3 Bd6 6. Qe2+ Be7 7. Be3 0-0 8. Nd2 c6 9. Nb3 Bb4+ 10. c3 Bd6 11. 0-0-0 Bf5 12. Qd2 Qe7 13. g3 Nbd7 14. Bd3 Bxd3 15. Qxd3 b5 16. Nh3 a5 17. Kd2 Nb6 18. Bf4 Nc4+ 19. Kc2 Rfb8 20. Bxd6 Qxd6 21. Nc5 a4 22. a3 Nd7 23. Nxd7 Qxd7 24. Nf4 g6 25. Rhe1 Re8 26. Rxe8+ Rxe8 27. Rh1 Re3 28. Qf1 Qf5+ 29. Kc1 Nxa3 30. bxa3 Rxc3+ 31. Kd1 Qc2+ 32. Ke1 Rxa3 33. Ne2 Ra1+ 0-1

[Event "Marianske Lazne op 16th"]
[Site "Marianske Lazne"]
[Date "2017.01.24"]
[Round "5"]
[White "Haftar, Bohdan"]
[Black "Kozenets, Alla"]
[Result "0-1"]
[WhiteElo "1253"]
[BlackElo "1509"]
[PlyCount "48"]
[EventDate "2017.01.21"]
[EventType "swiss"]
[EventRounds "9"]
[EventCountry "CZE"]
[SourceTitle "CBM 176 Extra"]
[Source "ChessBase"]
[SourceDate "2017.03.02"]
[SourceVersion "1"]
[SourceVersionDate "2017.03.02"]
[SourceQuality "1"]

1. e4 c5 2. Bc4 Nc6 3. Nf3 e6 4. Nc3 Nf6 5. a3 Be7 6. h3 d6 7. d3 0-0 8. 0-0 d5 9. exd5 exd5 10. Bb3 h6 11. Re1 Be6 12. Ne5 Nd4 13. Ba2 Bd6 14. Nf3 Nf5 15. Be3 d4 16. Bxe6 fxe6 17. Bd2 dxc3 18. Bxc3 Re8 19. g4 Nd4 20. Nxd4 cxd4 21. Bxd4 Bh2+ 22. Kxh2 Qxd4 23. c3 Qxf2+ 24. Kh1 Qg3 0-1